|
|
|
|
| LEADER |
00921nam a2200241 a 4500 |
| 001 |
GR-MES11105 |
| 008 |
061121s nyu b 001 0 gre d |
| 020 |
|
|
|a 0764519956
|
| 040 |
|
|
|a GrPaTEI
|b gre
|c GR-PaULI
|
| 040 |
|
|
|a GrPaTEI
|b gre
|c GR-PaULI
|
| 100 |
1 |
|
|a Tittel, Ed
|
| 245 |
1 |
0 |
|a HTML 4 for dummies /
|c Ed Tittel ; Natanya Pitts.
|
| 250 |
|
|
|a 4th ed.
|
| 260 |
|
|
|a New York :
|b Wiley,
|c c2003
|
| 300 |
|
|
|a xx , 408σ. :
|b εικ. ;
|c 24εκ.
|
| 490 |
0 |
|
|a --for dummies
|
| 504 |
|
|
|a Περιλαμβάνει βιβλιογραφίες και ευρετήριο.
|
| 650 |
|
0 |
|a HTML
|x (Document markup language)
|
| 700 |
1 |
|
|a Pitts, Natanya
|
| 942 |
|
|
|2 ddc
|
| 952 |
|
|
|0 0
|1 0
|2 ddc
|4 0
|6 005_720000000000000_TIL
|7 0
|9 270278
|a MSLG
|b MSLG
|c BSC
|d 2021-01-17
|e 24
|f 1
|g 0.00
|l 0
|o 005.72 TIL
|p 2420000019489
|r 2021-01-17 00:00:00
|t 1
|w 2021-01-17
|y BK15
|x 20061121 0 1
|x GrPaTEI
|
| 971 |
|
|
|a .b25771528
|b 15-04-20
|c 13-09-16
|
| 999 |
|
|
|c 156085
|d 156085
|